Estructura administrativa de una cooperativa
Guardado en:
| Autor Corporativo: | |
|---|---|
| Formato: | Texto |
| Lenguaje: | Spanish |
| Publicado: |
San José, Costa Rica:
INFOCOOP Publicaciones
sin fecha
|
| Materias: | |
| Etiquetas: |
Agregar Etiqueta
Sin Etiquetas, Sea el primero en etiquetar este registro!
|
MARC
| LEADER | 00000 a a2200000 04500 | ||
|---|---|---|---|
| 001 | 17179 | ||
| 003 | cru CIDCACS/IIS | ||
| 005 | 20231129120325.0 | ||
| 008 | 231129b |||||||| |||| 00| 0 spa d | ||
| 040 | |c cru CIDCACS/IIS | ||
| 090 | |a 03.03.04 i59es | ||
| 110 | |a Instituto Nacional de Fomento Cooperativo (Costa Rica) | ||
| 245 | |a Estructura administrativa de una cooperativa |c Instituto Nacional de Fomento Cooperativo (Costa Rica. INFOCOOP) | ||
| 260 | |a San José, Costa Rica: |b INFOCOOP Publicaciones |c sin fecha | ||
| 300 | |a 10 p. | ||
| 650 | 0 | |a COOPERATIVISMO |9 3747 | |
| 650 | 0 | |a GESTION |9 11667 | |
| 942 | |2 z |c LI | ||
| 999 | |c 16174 |d 16174 | ||
